Funciones de utilidad y estimación de la aversión al riesgo (Registro nro. 17829)

Detalles MARC
000 -LEADER
fixed length control field 00446 a2200133 4500
001 - CONTROL NUMBER
control field ART_45512
005 - DATE AND TIME OF LATEST TRANSACTION
control field 20260410161731.0
008 - FIXED-LENGTH DATA ELEMENTS--GENERAL INFORMATION
fixed length control field 260409a
100 1# - MAIN ENTRY--PERSONAL NAME
Personal name Chavez, Etelvina Stefani
245 10 - TITLE STATEMENT
Title Funciones de utilidad y estimación de la aversión al riesgo
700 1# - ADDED ENTRY--PERSONAL NAME
Personal name Milanesi, Gastón S.
700 1# - ADDED ENTRY--PERSONAL NAME
Personal name Pesce, Gabriela
773 0# - HOST ITEM ENTRY
Title Escritos contables y de administración
Related parts - Vol. 7, Nº 2 (jul./dic. 2006)
Record control number REV2758

No hay ítems disponibles.